Secundaria para todos [dvd] : física, química y biología

Guardado en:
Formato: Libro
Publicado: Buenos Aires : Educ.ar, 2011
Series:Colección Ministerio de Educación de la Nación
Materias:
Etiquetas: Agregar Etiqueta
Sin Etiquetas, Sea el primero en etiquetar este registro!
LEADER 01142nam a22002415a 4500
001 CEM.cems017835
005 20130904122901.0
008 130507s2011##################000#0#####d
003 CEMS
082 0 4 |a DVD370 
245 0 0 |a Secundaria para todos [dvd] :  |b física, química y biología 
260 |a Buenos Aires :  |b Educ.ar,  |c 2011 
300 |a 1 DVD 
490 0 |a Colección Ministerio de Educación de la Nación 
500 |a Nivel Medioel Dvd incluye actividades para trabajar en el aula sobre las disciplinas física, química y biología., además de algunos recursos como complemento de la sección Propuestas para el aula, también problemáticas en torno a la legislación, y entrevistas relacionadas con la Nueva Escuela Secundaria. Se cuenta también con una serie de enlaces que brindan valiosa información institucional y pedagógica 
505 0 |a Física -- Química -- Biología 
653 |a Física 
653 |a Física-actividades 
653 |a Química 
653 |a Química-actividades 
653 |a Biología 
653 |a Biología-actividades 
859 |a CEMS  |b BIB. CEMS - Agricultura  |h DVD370  |i Ar37  |p A0017.012  |t Ej.1  |v 17  |3 17